000 00558nam a2200217Ia 4500
003 OSt
005 20220928142944.0
006 a|||||r|||| 00| 0
007 ta
008 220927b |||||||| |||| 00| 0 eng d
024 _a20291
037 _cTextual
040 _aSDCL
_cSDCL
_beng
041 _2eng
_aeng
082 _aX:89K33.2'P, P2
100 _aSingh U B Ed.
_9504017
245 0 _aRevitalised Urban administration in India
260 _c2002
942 _hX:89K33.2'P, P2
_cTEXL
_2CC
999 _c822427
_d822427